000
00250 a2200121 4500
020
_a
0070584001
090
_c
3792
_d
3792
100
_a
Schaum's
245
_a
Operations research
250
_a
2nd
300
_a
456
942
_a
NBS
_c
BK
_k
658.4034 BRO
999
_c
346257
_d
346257